Statistiques concernant Géographie par lettre - G

Cliquez ici pour prendre le quiz!

Statistiques générales

  • Ce quiz a été pris 7,958 fois
  • Le résultat moyen est 12 sur 22

Statistiques - réponses

allusion réponse % Correct
Très grande île glacéeGroenland
89%
La rivière la plus sainte de l'hindouismeGange
82%
État américain ou pays caucasienGéorgie
81%
Soupe de tomate espagnole, servie froidegaspacho
78%
La plus grande ville d'EcosseGlasgow
75%
Pays sud-américainGuyana
74%
Détroit sur la côte nord du MarocGibraltar
74%
Site des pyramides égyptiennesGiza
70%
Le fleuve, originaire d'Espagne, de Toulouse et de BordeauxGaronne
69%
Ville civile bombardée lors de la guerre civile espagnole, rendue célèbre
par un tableau de Picasso
Guernica
68%
Désert chinoisGobi
65%
Nom italien équivalent à JeanGiovanni
60%
Chaîne de l'île équatorienne visitée par DarwinGalápagos
47%
Huron, Supérieur, Érié, Ontario et MichiganGrands Lacs
46%
La deuxième plus grande ville de SuèdeGöteborg
39%
Ragoût de viande hongroisgoulasch
39%
Entrée de mer similaire à une baiegolfe
38%
Cow-boy de la pampa sud-américainegaucho
33%
Capitale sud-américaineGeorgetown
32%
Petit territoire américain dans le PacifiqueGuam
31%
La maison où vivait ElvisGraceland
25%
Deuxième région métropolitaine du MexiqueGuadalajara
22%

Distribution des résultats

Percentile par nombre de réponses

% des personnes avec chaque résultat

Votre développement - résultats

Vous n’avez pas pris ce quiz